| 000 | 00606nam a2200193Ia 4500 | ||
|---|---|---|---|
| 003 | GCL | ||
| 008 | 140319s9999 xx 000 0 ara d | ||
| 040 |
_aGCL / _cGCL |
||
| 082 | 0 | 4 |
_a810.9962 _bم ع |
| 100 | 1 | _aمحمود حنفى كساب | |
| 245 | 1 | 0 |
_aعذابات ورثه ابن لقمان (المحرض) دراسة فى أدب فؤاد حجازى / _cمحمود حنفى كساب |
| 300 | _a123 | ||
| 490 |
_aادب الجماهير _v0 |
||
| 650 | 0 | 4 | _aالادب العربى |
| 650 | 0 | 4 | _aالعصر الحديث |
| 650 | 0 | 4 | _aالادب |
| 650 | 0 | 4 | _aتاريخ ونقد |
| 942 |
_2ddc _cBK |
||
| 999 |
_c42859 _d42859 |
||